| 000 | 00319 a2200133 4500 | ||
|---|---|---|---|
| 999 |
_c324919 _d324919 |
||
| 001 | 89846 | ||
| 003 | NUST | ||
| 082 | _a808.0681 SMI | ||
| 100 |
_aSmith Jan _99859 |
||
| 245 |
_aThe Mulberry Bush _bHere we go round |
||
| 260 |
_aLondon _bStudio Mouse _c2002 |
||
| 300 | _a19p. | ||
| 500 | _aGeneral Books | ||
| 942 |
_aCAE NUST _cBK _k808.0681 SMI _2ddc |
||